Advances in marine structures : (Record no. 3121)
[ view plain ]
| 000 -LEADER | |
|---|---|
| fixed length control field | 01733cam a2200313Mu 4500 |
| 006 - FIXED-LENGTH DATA ELEMENTS--ADDITIONAL MATERIAL CHARACTERISTICS--GENERAL INFORMATION | |
| fixed length control field | m o d |
| 007 - PHYSICAL DESCRIPTION FIXED FIELD--GENERAL INFORMATION | |
| fixed length control field | cr |n||||||||| |
| 008 - FIXED-LENGTH DATA ELEMENTS--GENERAL INFORMATION | |
| fixed length control field | 190708s2011 xx o 100 0 eng d |
| 020 ## - INTERNATIONAL STANDARD BOOK NUMBER | |
| International Standard Book Number | 9780429212833 |
| 020 ## - INTERNATIONAL STANDARD BOOK NUMBER | |
| International Standard Book Number | 0429212836 |
| 040 ## - CATALOGING SOURCE | |
| Original cataloging agency | IMU Kochi Library |
| Language of cataloging | eng |
| 041 0# - LANGUAGE CODE | |
| Language code of text/sound track or separate title | eng |
| 082 04 - DEWEY DECIMAL CLASSIFICATION NUMBER | |
| Classification number | 627.98 |
| Edition number | 23 |
| 111 2# - MAIN ENTRY--MEETING NAME | |
| Meeting name or jurisdiction name as entry element | International Conference on Marine Structures |
| Number of part/section/meeting | (3rd : |
| Date of meeting | 2011 : |
| Location of meeting | Hamburg, Germany) |
| 245 10 - TITLE STATEMENT | |
| Title | Advances in marine structures : |
| Sub Title | proceedings of the 3rd International Conference on Marine Structures--MARSTRUCT 2011, Hamburg, Germany, 28-30 March 2011 / |
| 260 ## - PUBLICATION, DISTRIBUTION, ETC. (IMPRINT) | |
| Place of publication, distribution, etc | [Place of publication not identified] |
| Name of publisher, distributor, etc | CRC Press, |
| Date of publication, distribution, etc | 2011. |
| 300 ## - PHYSICAL DESCRIPTION | |
| Extent | 1 online resource |
| 500 ## - GENERAL NOTE | |
| General note | Title from content provider. |
| 520 ## - SUMMARY, ETC. | |
| Summary, etc | In recent years significant advances have been made in the development of methods and modeling procedures for structural assessment of marine structures. Various assessment methods are incorporated in the methods used to analyze and design efficient ship structures, as well as in the methods of structural reliability to be used to ensure the safety and environmental behaviour of the ships. Advances in Marine Structures deals also with the fabrication of ship structures, and collects the papers presented at the 3rd International Conference on Marine Structures (MARSTRUCT 2011, Hamburg, Germany, |
| 650 #0 - SUBJECT ADDED ENTRY--TOPICAL TERM | |
| Topical term or geographic name as entry element | Naval architecture |
| Form subdivision | Congresses. |
| 650 #0 - SUBJECT ADDED ENTRY--TOPICAL TERM | |
| Topical term or geographic name as entry element | Offshore structures |
| General subdivision | Design and construction |
| Form subdivision | Congresses. |
| 700 1# - ADDED ENTRY--PERSONAL NAME | |
| Personal name | Fricke, W. |
| Fuller form of name | (Wolfgang), |
| Dates associated with a name | 1949- |
| 700 1# - ADDED ENTRY--PERSONAL NAME | |
| Personal name | Soares, C. Guedes. |
| 852 ## - LOCATION/CALL NUMBER | |
| Location | IMU Kochi Library |
| 856 40 - ELECTRONIC LOCATION AND ACCESS | |
| Uniform Resource Identifier | <a href="https://www.taylorfrancis.com/books/e/9780429212833">https://www.taylorfrancis.com/books/e/9780429212833</a> |
| 904 ## - LOCAL DATA ELEMENT D, LDD (RLIN) | |
| CATALOGER | Rudra Ranjan |
| 905 ## - LOCAL DATA ELEMENT E, LDE (RLIN) | |
| VERIFIER | Rudra Ranjan |
| 942 ## - ADDED ENTRY ELEMENTS (KOHA) | |
| Item type | E-Book |
No items available.